00457nam a2200121Ia 4500008004100000245005100041245004700092260000900139650004700148856004800195999001900243952007300262171204s9999 xx 000 0 und d aWhen Organization Fails: Why Authority Matters cElizabeth J. Van Every and James R. Taylor c2014 xHUMAN BEHAVIOR IN ORGANIZATION WITH ETHICS uhttp://down.ebook777.com/056/041574167X.pdf c346993d346993 001040aCLbCLd2017-12-04l0r2017-12-04 00:00:00w2017-12-04yCBE